000 00410pab a2200169 454500
008 180718b1955 xxu||||| |||| 00| 0 eng d
100 _aBapat, S.B.
245 _aO & M in the government of India
260 _c1955
300 _ap.61-80.
362 _aJan-Mar
650 _aManagement
650 _aOrganizations
773 _aIndian Journal of Public Administration
908 _aN
909 _a100734
999 _c100733
_d100733